|
|
|
|
| LEADER |
00000naa2a2200000 4500 |
| 001 |
621968 |
| 005 |
20231101133204.0 |
| 035 |
|
|
|a (RuTPU)RU\TPU\conf\20616
|
| 035 |
|
|
|a RU\TPU\conf\20615
|
| 090 |
|
|
|a 621968
|
| 100 |
|
|
|a 20170201d2016 k y0rusy50 ca
|
| 101 |
0 |
|
|a rus
|
| 102 |
|
|
|a RU
|
| 105 |
|
|
|a y z 101zy
|
| 135 |
|
|
|a drgn ---uucaa
|
| 181 |
|
0 |
|a i
|
| 182 |
|
0 |
|a b
|
| 200 |
1 |
|
|a Оценка влияния вечномерзлых пород на геотермический режим и реализацию ресурсного потенциала нефтематеринских отложений арктических районов Западной Сибири (на примере Южного Ямала)
|f А. А. Искоркина, А. В. Власова
|g науч. рук. В. И. Исаев, Г. А. Лобова
|
| 203 |
|
|
|a Текст
|c электронный
|
| 225 |
1 |
|
|a Геофизические исследования в Арктике
|
| 230 |
|
|
|a 1 компьютерный файл (pdf; 547 Kb)
|
| 300 |
|
|
|a Заглавие с титульного экрана
|
| 320 |
|
|
|a [Библиогр.: с. 248-249 (3 назв.)]
|
| 463 |
|
1 |
|0 (RuTPU)RU\TPU\conf\20537
|t Творчество юных - шаг в успешное будущее
|o Арктика и её освоение
|o материалы IX Всероссийской научной молодежной конференции с международным участием с элементами научной школы имени профессора М.К. Коровина, г. Томск, 10-14 октября 2016 г.
|f Национальный исследовательский Томский политехнический университет (ТПУ) ; под ред. А. Ю. Дмитриева
|v [С. 246-249]
|d 2016
|
| 610 |
1 |
|
|a труды учёных ТПУ
|
| 610 |
1 |
|
|a электронные ресурсы
|
| 610 |
1 |
|
|a неоплейстоценовая мерзлота
|
| 610 |
1 |
|
|a баженовские отложения
|
| 610 |
1 |
|
|a Западная Сибирь
|
| 610 |
1 |
|
|a нефтегазоносность
|
| 610 |
1 |
|
|a месторождения
|
| 700 |
|
1 |
|a Искоркина
|b А. А.
|c геолог
|c аспирант Томского политехнического университета
|f 1991-
|g Альбина Альбертовна
|2 stltpush
|3 (RuTPU)RU\TPU\pers\38860
|
| 701 |
|
1 |
|a Власова
|b А. В.
|
| 702 |
|
1 |
|a Исаев
|b В. И.
|c геолог
|c профессор Томского политехнического университета, доктор геолого-минералогических наук
|f 1952-
|g Валерий Иванович
|2 stltpush
|4 727
|
| 702 |
|
1 |
|a Лобова
|b Г. А.
|c геофизик
|c доцент Томского политехнического университета, кандидат геолого-минералогических наук
|f 1952-
|g Галина Анатольевна
|2 stltpush
|4 727
|
| 712 |
0 |
2 |
|a Национальный исследовательский Томский политехнический университет (ТПУ)
|b Институт природных ресурсов (ИПР)
|b Кафедра геофизики (ГЕОФ)
|h 254
|2 stltpush
|3 (RuTPU)RU\TPU\col\18667
|
| 801 |
|
2 |
|a RU
|b 63413507
|c 20180305
|g RCR
|
| 856 |
4 |
|
|u http://earchive.tpu.ru/handle/11683/36876
|
| 942 |
|
|
|c BK
|